000 00471nam a2200181Ia 4500
001 23970
005 20260414151012.0
008 260414t2015||||xx |||||||||||||| ||spa||
041 _aESP
082 _a728
_bF41
100 _aFernández Lorenzo, Pablo,
_eAUT
245 0 _aHacia una vivienda abierta concebida como si el habitante importara
_b
260 _c2015
300 _a170 páginas :
_c20 cm.
650 _aABD
654 _aCAU
942 _cLIB
_dJUS
_fJUS
_2ddc
_n
999 _c23970
_d23970